NBA Highest PPG average against each team - Statistics

General Stats
  • This quiz has been taken 171 times
  • The average score is 24 of 29
Answer Stats
Games PPG Team Against Answer % Correct
65 29.9 Atlanta Hawks Michael Jordan
99%
56 30.7 Boston Celtics Michael Jordan
99%
57 29.9 Brooklyn Nets Michael Jordan
99%
37 32.1 Charlotte Hornets Michael Jordan
99%
67 30.6 Cleveland Cavaliers Michael Jordan
99%
26 29.4 Denver Nuggets Michael Jordan
99%
26 30.4 Houston Rockets Michael Jordan
99%
64 30.0 Indiana Pacers Michael Jordan
99%
38 30.1 Miami Heat Michael Jordan
99%
66 32.3 Milwaukee Bucks Michael Jordan
99%
18 29.2 Minnesota Timberwolves Michael Jordan
99%
25 29.9 Oklahoma City Thunder Michael Jordan
99%
33 29.5 Orlando Magic Michael Jordan
99%
25 32.4 Phoenix Suns Michael Jordan
99%
24 34.0 Portland Trail Blazers Michael Jordan
99%
24 32.0 San Antonio Spurs Michael Jordan
99%
26 32.7 Utah Jazz Michael Jordan
99%
56 28.6 Chicago Bulls LeBron James
93%
108 33.9 Detroit Pistons Wilt Chamberlain
86%
86 39.5 Los Angeles Lakers Wilt Chamberlain
86%
115 33.7 New York Knicks Wilt Chamberlain
86%
81 35.6 Philadelphia 76ers Wilt Chamberlain
86%
87 32.4 Washington Wizards Wilt Chamberlain
86%
30 30.9 Golden State Warriors Kevin Durant
72%
36 27.0 Memphis Grizzlies Kevin Durant
72%
38 29.7 Toronto Raptors Allen Iverson
44%
11 27.0 New Orleans Pelicans Kyrie Irving
25%
39 29.6 Los Angeles Clippers George Gervin
20%
34 29.2 Dallas Mavericks Adrian Dantley
14%
No matching quizzes found
Score Distribution
Percent of People with Each Score
Percentile by Number Answered
Your Score History
You have not taken this quiz